000 01092naa a22003137a 4500
001 BR8804249
003 BR-BrBNA
005 20240918180245.0
007 ta
008 230509b bl.||||| |||| 00| 0 por d
040 _aBR-BrBNA
_bpor
_cBiblioteca Nacional de Agricultura
041 _a(Pt)
072 _aC10
_b3575
_bG514
090 _aC10 BR8804249
100 1 _aCicero, S.M.
111 1 _a1. Seminario Paulista de Sementes e Mudas
_cSao Paulo, SP (Brazil)
_d10-12 Dec 1984
245 1 _aTreinamento de pessoal de laboratorios de sementes [Sao Paulo]
260 3 _aSao Paulo, SP (Brasil):
_c1984.
500 _aAnais do 1. Seminario Paulista de Sementes e Mudas Sao Paulo, SP (Brasil): 1984. P. 347-353 (BR8804249-AM)C10
650 _aSEMENTE
650 _aANALISE QUALITATIVA
650 _aLABORATORIO
650 _aRECURSO HUMANO
650 _aTREINAMENTO
650 _aSAO PAULO
773 0 _tAnais do 1. Seminario Paulista de Sementes e Mudas
_wC10 BR8804249
_gSao Paulo, SP (Brasil), 1984. P. 347-353
909 _a202404
_bLucia
_c55
_dLucia Elande
942 _cAM
_2AGRIS
999 _c319489
_d319489